El Programa Nacional de Reparación Histórica de Jubilados y Pensionados ente los superiores tribunales (Registro nro. 29667)

Detalles MARC
000 -LEADER
fixed length control field 00387 a2200109 4500
001 - CONTROL NUMBER
control field ART_43663
005 - DATE AND TIME OF LATEST TRANSACTION
control field 20260410161943.0
008 - FIXED-LENGTH DATA ELEMENTS--GENERAL INFORMATION
fixed length control field 260409a
100 1# - MAIN ENTRY--PERSONAL NAME
Personal name Carnota, Walter F.
245 10 - TITLE STATEMENT
Title El Programa Nacional de Reparación Histórica de Jubilados y Pensionados ente los superiores tribunales
773 0# - HOST ITEM ENTRY
Title Temas de derecho laboral
Related parts - Nº 9 (sep. 2017)
Record control number REV27619

No hay ítems disponibles.